ბათუმის შოთა რუსთაველის სახელმწიფო უნივერსიტეტის ბიბლიოთეკა

ვინ დაღუპა აფრასიონი : (ბიბ.ჩანაწერი № 40176)

000 -ლიდერი
ფიქსირებული სიგრძის საკონტროლო ველი 00931nam a2200217Ia 4500
001 - საკონტროლო ნომერი
საკონტროლო ველი 6782
003 - საკონტროლო ნომრის იდენტიფიკატორი
საკონტროლო ველი GE_BSU
005 - ბოლო ოპერაციის თარიღი და დრო
საკონტროლო ველი 20200108174125.0
008 - ფიქსირებული სიგრძის მონაცემთა ელემენტები - ზოგადი ინფორმაცია
ფიქსირებული სიგრძის საკონტროლო ველი 181216s1964||||ge |||||||||||||| ||geo||
040 ## - კატალოგიზაციის წყარო
Transcribing agency GE_BSU
041 ## - ენის კოდი
Language code of text/sound track or separate title geo
080 ## - უნივერსალური ათობითი კლასიფიკაციის ინდექსი
Universal Decimal Classification number 821.353.1-7 გ-59
100 ## - მთავარი ჩანაწერი - პიროვნების სახელი
Personal name გოგიაშვილი, კ.
9 (RLIN) 6019
245 ## - ცნობა სათაურის შესახებ
Title ვინ დაღუპა აფრასიონი :
Remainder of title სატირა და იუმორი /
Statement of responsibility, etc კ. გოგიაშვილი ; რედ. ო. შალამბერიძე.
264 ## - წარმოების, გამოცემის, დისტრიბუციის და სხვა ცნობები
გამოცემის, წარმოების, დისტრიბუციის... ადგილი თბილისი :
გამოცემის, წარმოების, დისტრიბუციის... სახელწოდება ლიტერატურა და ხელოვნება,
გამოცემის, წარმოების, დისტრიბუციის... თარიღი 1964.
300 ## - ფიზიკური აღწერა
Extent 172 გვ. ;
Dimensions 20 სმ.
653 ## - INDEX TERM--UNCONTROLLED
Uncontrolled term ვინ დაღუპა აფრასიონი
653 ## - INDEX TERM--UNCONTROLLED
Uncontrolled term სატირა და იუმორი
700 ## - ADDED ENTRY--PERSONAL NAME
Personal name შალამბერიძე, ო.
Relator term რედაქტორი
9 (RLIN) 1328
942 ## - ADDED ENTRY ELEMENTS (KOHA)
Koha item type წიგნი
Source of classification or shelving scheme
ეგზემპლარები
ჩამოწერის სტატუსი დაკარგული ეგზემპლარის სტატუსი კლასიფიკაციის წყარო ან თაროზე გაწყობის სქემა დაზიანების სტატუსი არ გაიცემა მუდმივი მდებარეობა (დაცვის ადგილი) ამჟამინდელი ადგილსამყოფელი თაროზე განთავსების ადგილი შეძენის თარიღი სრული შენახვის შიფრი შტრიხკოდი ბოლო ოპერაციის თარიღი ეგზემპლარის მიმდევრობითი ნომერი (კეტერი?) ფასის ძალაში შესვლის თარიღი ეგზემპლარის სახეობა
          ბათუმის შოთა რუსთაველის სახელმწიფო უნივერსიტეტის მთავარი ბიბლიოთეკა ბათუმის შოთა რუსთაველის სახელმწიფო უნივერსიტეტის მთავარი ბიბლიოთეკა წიგნსაცავი 2018-12-17 821.353.1-7 გ-59 14633 2018-12-17 14633 2018-12-17 წიგნი